00261nam a2200085Ia 4500008004100000245008900041245002300130260000900153650001300162171211s9999 xx 000 0 und d aNative American In The Land Of The Shogun: Ranald Macdonald And The Opening Of Japan cFrederik L. Schodt c2003 xMilitary